000 00778cab a2200253 4500
001 WB2847-19
008 090401t1992 xxu||||| |||| 00| 0 eng d
035 _a(Sirsi) u72838
041 _aeng
245 _aWindsor Castle restoration plans
260 _c1992
350 _a0
490 _aTimes
_v30 November 1992, 8
490 _aIndependent
_v4 December 1992, 1(2)
520 _aPreparations are already being made for the refurbishment of fire-damaged Windsor Castle, as the wreckage is surveyed for architectural survivals to be rescued and copied.
650 _aCRAFTSMEN
650 _aENGLISH HERITAGE
650 _aPLASTERING
650 _aWINDSOR CASTLE
690 _aRefurbishment
_96264
690 _aCONSERVATION
942 _n0
948 _c04/03/1997
999 _c46035
_d46035